LEADER 01393nam a2200325 a 4500 001 000000127646 003 CaOOAMICUS 005 20150603122607.0 008 120215s2011 it 000 u ita r 020 $a978-88-7180-719-5 040 $aPUL$bita 082 04$a174 245 00$aBioetica come storia :$bcome cambia il modo di affrontare le questioni bioetiche nel tempo /$ca cura di Lucetta Scaraffia. 260 $aTorino :$bLindau,$c©2011. 300 $a243 p.$c21 cm 490 1 $aI leoni 504 $aBibliografia in nota. 650 4$aBioetica.$0(OLS)http://pul/subject/2868 700 1 $aScaraffia, Lucetta,$d1948-$0(OLS)http://pul/name/13910 830 0$aLeoni.$0(OLS)http://pul/title/136940 850 $aPUL 852 $aPUL$W1$xSL Filosofia 3$y81$m174 SCALU 2$j147711$qDDC 21$B146316$CPULBib$Z2$F146316 $H118795 $82 852 $aPUL$W1$xDP1 Fondo S. Lanza$y121$m2 A 98$j156039$qFondi $B166230$CPULBib$Z2$F166230 $HLAN1764 $82 941 1 $a9 941 1 $a1 996 $6020$a978-88-7180-719-5$9(OLS)http://pul/number/148951 996 $6082$a174$9(OLS)http://pul/classification/425 996 $6245$aBioetica come storia :$bcome cambia il modo di affrontare le questioni bioetiche nel tempo$9(OLS)http://pul/title/161320 996 $6260$aTorino :$bLindau$9(OLS)http://pul/publisher/70945 LEADER 01253nam a2200313 a 4500 001 000000176129 003 CaOOAMICUS 005 20230914092551.0 008 230914s2022 it r 000 0 ita r 020 $a978-88-93143-57-8* 032 $aLibriCat 040 $aPUL$bita 084 $a111 100 1 $aTarquini, Nicolò.$0(OLS)http://pul/name/112592 245 10$aEternità e divenire :$bEmanuele Severino e la metafisica classica /$cNicolò Tarquini . 260 $aNapoli-Salerno :$bOrthotes,$c2022. 300 $a443 p.;$c24 cm 440 0$aItaliana ;$v15 504 $aBibliografia: p. 423-436. 650 4$aMetafisica$ySec. XX.$0(OLS)http://pul/subject/8481 850 $aPUL 852 $aPUL$W1$xSL Filosofia 3$y81$m111 TARNI 1$j200292$qDDC 21$B205075$CPULBib$Z2$F205075 $H136474 $82 941 1 $a9 996 $6020$a978-88-93143-57-8*$9(OLS)http://pul/number/169321 996 $6084$a111$9(OLS)http://pul/classification/3351 996 $6245$aEternità e divenire :$bEmanuele Severino e la metafisica classica$9(OLS)http://pul/title/217633 996 $6440$aItaliana$9(OLS)http://pul/title/217634 996 $6260$aNapoli-Salerno :$bOrthotes$9(OLS)http://pul/publisher/87234